[Event "Benidorm op-A"]
[Site "Benidorm"]
[Date "2023.11.01"]
[Round "4"]
[White "Amundsen, Ask"]
[Black "Teply Koutsky, David"]
[Result "1-0"]
[WhiteElo "1956"]
[BlackElo "1833"]
[PlyCount "47"]
[EventDate "2023.10.29"]
[EventType "swiss"]
[EventRounds "9"]
[EventCountry "ESP"]
[SourceTitle "Mega2024 Update 01"]
[Source "Chessbase"]
[SourceDate "2023.11.12"]
[SourceVersion "1"]
[SourceVersionDate "2023.11.12"]
[SourceQuality "1"]

1. Nf3 e6 2. d3 f5 3. e4 d6 4. exf5 exf5 5. d4 Nf6 6. Bd3 Be7 7. 0-0 0-0 8. c4 Ne4 9. Re1 Ng5 10. Nc3 Nc6 11. Bxg5 Bxg5 12. Nd5 Bf6 13. Bc2 Bd7 14. b4 a6 15. Qd2 g6 16. Qf4 Re8 17. c5 g5 18. Rxe8+ Bxe8 19. Qxf5 Bg7 20. Qxh7+ Kf8 21. Qf5+ Kg8 22. Bb3 Nxd4 23. Ne7+ Kh8 24. Qh3+ 1-0

[Event "Plzen Calliditas op"]
[Site "Plzen"]
[Date "2020.08.26"]
[Round "5"]
[White "Janecek, Pavel"]
[Black "Teply Koutsky, David"]
[Result "1/2-1/2"]
[WhiteElo "1900"]
[BlackElo "1512"]
[PlyCount "132"]
[EventDate "2020.08.23"]
[EventType "swiss"]
[EventRounds "9"]
[EventCountry "CZE"]
[SourceTitle "CBM 198 Extra"]
[Source "ChessBase"]
[SourceDate "2020.11.30"]
[SourceVersion "1"]
[SourceVersionDate "2020.11.30"]
[SourceQuality "1"]

1. e4 e6 2. d4 d5 3. Nd2 c5 4. exd5 exd5 5. Ngf3 Nf6 6. Bb5+ Nc6 7. Ne5 Bd7 8. Nxd7 Qxd7 9. 0-0 cxd4 10. Re1+ Be7 11. Nf3 0-0 12. Nxd4 Bc5 13. c3 a6 14. Ba4 Qc7 15. Bg5 Ne4 16. Bh4 Qb6 17. Bxc6 bxc6 18. Re2 Rfe8 19. Qa4 Rac8 20. Rae1 Bxd4 21. cxd4 Nd6 22. f3 Rxe2 23. Rxe2 Nc4 24. b3 Nd6 25. Bf2 Qb5 26. Qxb5 axb5 27. Bg3 Nf5 28. Bf2 Nd6 29. g4 Re8 30. Rc2 Rc8 31. Bg3 Nb7 32. Kf2 Kf8 33. h4 f6 34. Ke3 Ke7 35. Kd3 Kd7 36. Bf2 Rf8 37. a4 bxa4 38. bxa4 f5 39. g5 Ra8 40. Rb2 Kc7 41. Rb4 Ra6 42. Bg3+ Kc8 43. Kc3 Nd8 44. Rb8+ Kd7 45. Kb3 Ra7 46. Rb6 Ne6 47. Be5 h6 48. g6 h5 49. Kb4 Nf8 50. Bxg7 Nxg6 51. Bf6 Kc7 52. a5 Rb7 53. Kc5 Rxb6 54. axb6+ Kb7 55. Bd8 Nf4 56. Kd6 Ne2 57. Ke5 Ng1 58. Kf4 Ne2+ 59. Ke3 Nc3 60. Kf4 Ne2+ 61. Ke5 Ng1 62. Kxf5 Nxf3 63. Bf6 Kxb6 64. Kf4 Nxh4 65. Bxh4 c5 66. dxc5+ Kxc5 1/2-1/2

[Event "ESP-ch U12"]
[Site "Salobrena"]
[Date "2020.07.29"]
[Round "4"]
[White "Teply Koutsky, David"]
[Black "Fernandez Climent, Albert"]
[Result "1-0"]
[WhiteElo "1512"]
[BlackElo "1789"]
[PlyCount "143"]
[EventDate "2020.07.27"]
[EventType "swiss"]
[EventRounds "9"]
[EventCountry "ESP"]
[SourceTitle "EXT 2021"]
[Source "ChessBase"]
[SourceDate "2020.10.23"]
[SourceVersion "1"]
[SourceVersionDate "2020.10.23"]
[SourceQuality "1"]

1. d4 Nf6 2. c4 g6 3. Nc3 Bg7 4. e4 d6 5. Be2 0-0 6. Be3 e5 7. d5 a6 8. g4 b5 9. cxb5 axb5 10. g5 Nfd7 11. Nxb5 f5 12. gxf6 Nxf6 13. Nc3 Na6 14. h4 Nc5 15. Bxc5 dxc5 16. h5 Nxh5 17. Bxh5 gxh5 18. Qxh5 h6 19. 0-0-0 Rxf2 20. Nh3 Bxh3 21. Qxh3 Qg5+ 22. Kb1 Rb8 23. b3 c4 24. Qe6+ Kh8 25. d6 cxd6 26. Qxc4 Qg4 27. Rdg1 Rg2 28. Rxg2 Qxg2 29. Rd1 h5 30. Qf7 Qg4 31. Rxd6 Rf8 32. Qd7 Qg3 33. Rd3 Rf1+ 34. Kc2 Rf2+ 35. Rd2 Rxd2+ 36. Qxd2 h4 37. Ne2 Qg2 38. Qd8+ Kh7 39. Qxh4+ Kg8 40. Qd8+ Kh7 41. Qd3 Qg4 42. a4 Qc8+ 43. Kb2 Qc5 44. Qc2 Qb4 45. Ng3 Bf8 46. Nf5 Qa3+ 47. Kb1 Qb4 48. Ne3 Qe1+ 49. Nd1 Bb4 50. Ka2 Kg6 51. Qg2+ Kh6 52. Nb2 Bc3 53. Qc2 Kg7 54. Qb1 Qd2 55. b4 Bxb4 56. Qd1 Qxd1 57. Nxd1 Kf6 58. Kb3 Be1 59. Kc4 Kg5 60. Kd5 Kf4 61. Nb2 Ke3 62. Nc4+ Kd3 63. Nxe5+ Kc3 64. a5 Kb3 65. a6 Bf2 66. Nc6 Ka4 67. a7 Bxa7 68. Nxa7 Ka5 69. e5 Kb6 70. Kd6 Kb7 71. e6 Kxa7 72. e7 1-0